|
LDR
| 02229nam a2200637 i 4500 |
|---|
| 001 | 50723 |
|---|
| 003 | CZ-PrJAB |
|---|
| 005 | 20220330105107.0 |
|---|
| 007 | ta |
|---|
| 008 | 170703t20172017xr a f f 001 0 cze |
|---|
| 015 | | . |
‡acnb002905470 |
|---|
| 020 | | . |
‡a978-80-7496-316-2
‡q(brožováno) |
|---|
| 035 | | . |
‡a(CZ PrNK)nkc20172905470 |
|---|
| 035 | | . |
‡a(OCoLC)1000497385 |
|---|
| 040 | | . |
‡aABA001
‡bcze
‡erda |
|---|
| 041 | 0 | . |
‡acze
‡bcze
‡beng |
|---|
| 072 | | 7. |
‡a373.2/.3
‡xPředškolní a primární výchova a vzdělávání
‡2Konspekt
‡922 |
|---|
| 080 | | . |
‡a316.346.32-053.4
‡2MRF |
|---|
| 080 | | . |
‡a373.24
‡2MRF |
|---|
| 080 | | . |
‡a373.2
‡2MRF |
|---|
| 080 | | . |
‡a37.091.214
‡2MRF |
|---|
| 080 | | . |
‡a34
‡2MRF |
|---|
| 080 | | . |
‡a37.032/.035
‡2MRF |
|---|
| 080 | | . |
‡a37.013.77
‡2MRF |
|---|
| 080 | | . |
‡a(048.8:082)
‡2MRF |
|---|
| 100 | 1 | . |
‡aKropáčková, Jana,
‡d1967-
‡7mzk2006353991
‡4aut |
|---|
| 245 | 1 | 0. |
‡aDvouleté děti v předškolním vzdělávání :
‡bod jara do léta /
‡cJana Kropáčková, Hana Splavcová |
|---|
| 250 | | . |
‡a1. vydání |
|---|
| 264 | | 1. |
‡aPraha :
‡bRaabe,
‡c[2017] |
|---|
| 264 | | 4. |
‡c©2017 |
|---|
| 300 | | . |
‡a226 stran :
‡bilustrace ;
‡c21 cm |
|---|
| 336 | | . |
‡atext
‡btxt
‡2rdacontent |
|---|
| 337 | | . |
‡abez média
‡bn
‡2rdamedia |
|---|
| 338 | | . |
‡asvazek
‡bnc
‡2rdacarrier |
|---|
| 490 | 1 | . |
‡aDobrá školka |
|---|
| 504 | | . |
‡aObsahuje bibliografie, bibliografické odkazy a rejstříky |
|---|
| 546 | | . |
‡aČeské a anglické resumé |
|---|
| 650 | 0 | 7. |
‡abatolata
‡7ph114130
‡2czenas |
|---|
| 650 | 0 | 7. |
‡amateřské školy
‡7ph122683
‡2czenas |
|---|
| 650 | 0 | 7. |
‡apředškolní výchova
‡7ph124887
‡2czenas |
|---|
| 650 | 0 | 7. |
‡avzdělávací programy
‡7ph127309
‡xprávní aspekty
‡2czenas |
|---|
| 650 | 0 | 7. |
‡aosobnostní a sociální výchova
‡7ph351300
‡2czenas |
|---|
| 650 | 0 | 7. |
‡apedagogická diagnostika
‡7ph115700
‡2czenas |
|---|
| 650 | 0 | 9. |
‡atoddlers
‡2eczenas |
|---|
| 650 | 0 | 9. |
‡akindergartens
‡2eczenas |
|---|
| 650 | 0 | 9. |
‡apreschool education
‡2eczenas |
|---|
| 650 | 0 | 9. |
‡aeducational programs
‡xlegal aspects
‡2eczenas |
|---|
| 650 | 0 | 9. |
‡apersonal and social education
‡2eczenas |
|---|
| 650 | 0 | 9. |
‡aeducational diagnostics
‡2eczenas |
|---|
| 655 | | 7. |
‡akolektivní monografie
‡7fd501537
‡2czenas |
|---|
| 655 | | 9. |
‡acollective monographs
‡2eczenas |
|---|
| 700 | 1 | . |
‡aSplavcová, Hana
‡7xx0204071
‡4aut |
|---|
| 830 | | 0. |
‡aDobrá školka |
|---|
| 910 | | . |
‡aABG312 |
|---|
| 995 | | . |
‡aska |
|---|
| 901 | | . |
‡a50723
‡bAUTOGEN
‡c50723
‡tbiblio |
|---|